Statystyki dla Najbardziej zaludnione państwa świata w 1500 roku

Kliknij tutaj aby rozwiązać quiz!

Ogólne statystyki

  • Ten quiz został rozwiązany 4 377 razy
  • Średni wynik to 13 z 19

Statystyki odpowiedzi

PopulacjaPaństwo% Poprawnych
185 mChiny
98%
7 mRosja
96%
4 mPolska
95%
13 mFrancja
92%
12 mNiemcy
92%
170 mIndie
89%
6 mHiszpania
88%
9 mWłochy
84%
14 mJaponia
79%
6 mTurcja
78%
5 mEgipt
68%
11 mMeksyk
50%
10 mIndonezja
49%
4 mUkraina
49%
7 mPakistan
41%
7 mNigeria
35%
13 mBangladesz
31%
7 mPeru
29%
6 mDemokratyczna Republika Konga
28%

Rozkład punktacji

Percentyl według liczby udzielonych odpowiedzi

Procent ludzi z każdym wynikiem

Twoja historia wyników

Nie rozwiązałeś tego quizu